000 00428nam a2200181Ia 4500
001 4735
005 20260306145817.0
008 260306t2005||||xx |||||||||||||| ||spa||
041 _aESP
082 _a330.015195
_bF39
100 _aFernández Galléstegui, Alonso
_eAUT
245 0 _aEconometría
260 _c2005
300 _axxv, 481 páginas :
_c25 cm.
650 _aGEN
654 _aCAN
942 _cLIB
_dJUS
_fJUS
_2ddc
_n
999 _c4735
_d4735